[Event "JPN-ch 52nd"]
[Site "Tokyo"]
[Date "2019.04.29"]
[Round "1"]
[White "Nagai, Toshiyuki"]
[Black "Yamada, Kohei"]
[Result "0-1"]
[WhiteElo "1809"]
[BlackElo "2148"]
[PlyCount "76"]
[EventDate "2019.04.29"]
[EventType "swiss"]
[EventRounds "10"]
[EventCountry "JPN"]
[SourceTitle "CBM 190 Extra"]
[Source "ChessBase"]
[SourceDate "2019.07.15"]
[SourceVersion "1"]
[SourceVersionDate "2019.07.15"]
[SourceQuality "1"]

1. e4 c5 2. Nc3 d6 3. g3 g6 4. Bg2 Bg7 5. d3 Nf6 6. Nge2 0-0 7. 0-0 Nc6 8. f4 Rb8 9. a4 a6 10. h3 Bd7 11. Be3 Ne8 12. Qd2 Nd4 13. Rab1 b5 14. axb5 axb5 15. b4 Nc7 16. Nd1 Nxe2+ 17. Qxe2 cxb4 18. Rxb4 Na6 19. Rb1 b4 20. e5 dxe5 21. fxe5 Nc7 22. Ba7 Rb5 23. d4 Qc8 24. Bc5 Ne6 25. Bxe7 Re8 26. Bxb4 Nxd4 27. Qf2 Bxe5 28. Qxf7+ Kh8 29. Bd6 Ne2+ 30. Kh2 Bg7 31. Rxb5 Bxb5 32. Rf2 Qxc2 33. Qd5 Qc4 34. Qxc4 Bxc4 35. Nb2 Bxb2 36. Bc6 Rc8 37. Bf3 Bd4 38. Rxe2 Bxe2 0-1

[Event "JPN-ch"]
[Site "Tokyo"]
[Date "2018.04.30"]
[Round "3"]
[White "Kojima, Natsumi"]
[Black "Nagai, Toshiyuki"]
[Result "0-1"]
[WhiteElo "1635"]
[BlackElo "1809"]
[PlyCount "54"]
[EventDate "2018.04.29"]
[EventType "swiss"]
[EventRounds "11"]
[EventCountry "JPN"]
[SourceTitle "CBM 184 Extra"]
[Source "ChessBase"]
[SourceDate "2018.06.28"]
[SourceVersion "1"]
[SourceVersionDate "2018.06.28"]
[SourceQuality "1"]

1. e4 d6 2. d4 Nf6 3. Nc3 g6 4. g3 Bg7 5. Bg2 0-0 6. Nge2 Nbd7 7. 0-0 e5 8. h3 a6 9. a4 h6 10. Be3 Ne8 11. Qd2 Kh7 12. Kh2 f5 13. dxe5 Nxe5 14. b3 fxe4 15. Bxe4 Nf3+ 16. Bxf3 Rxf3 17. Nf4 Qf6 18. Ncd5 Qf7 19. Rae1 g5 20. Bd4 gxf4 21. Re7 Qxd5 22. Bxg7 fxg3+ 23. Kg1 gxf2+ 24. Rxf2 Rg3+ 25. Kf1 Bxh3+ 26. Ke1 Qh1+ 27. Ke2 Bg4+ 0-1